000 00696nam a2200265 4500
001 000000001
003 OSt
005 20260601193901.0
008 260508b |||||||| |||| 00| 0 eng d
020 _a9788425204340
040 _aICI
_bspa
_cICI
041 _aspa
050 _aTS670
_bB7818 1970
100 _aBrunhuber, Ernest.
_933962
245 1 _aFundición a presión /
_cErnest Brunhuber
260 6 _aBarcelona :
_bGustavo Gili,
_c1962
300 _a336 páginas :
_c21
500 0 _aspa
500 0 _aManufactura.
650 _aFundición a presión
_933963
650 _aMetalurgia
650 _aManufactura metálica
650 _aProcesos industriales
942 _2lcc
_cB
_n1
999 _c22255
_d22255